KotLC Quiz - Statistics

General Stats
  • This quiz has been taken 475 times
  • The average score is 13 of 15
Answer Stats
Hint Answer % Correct
How many books are there? Nine
97%
Tam and Linh's real surname is... Tong
96%
Which of the Vacker family is part of the Neverseen? Alvar Vacker
95%
What is Sophie's human sister's original name? Amy Foster
93%
Sophie's first kiss Dex Dizznee
93%
Which one of Sophie's friends is a pyrokinetic? Marella
93%
Who killed Jolie? Brant
92%
What is Sophie's least favorite ability? Inflictor
92%
Who said, "Trust the empath" Keefe Sencen
90%
Bex is a... Phaser
89%
What is Sopie's middle name? Elizabeth
88%
What was Jolie's abilty? Conjurer
87%
What is Fitz's middle name? Avery
86%
Waht is the level 2 mascot? Halcyon
80%
What is teh level 1 mascot? Gremlin
65%
No matching quizzes found
Score Distribution
Percent of People with Each Score
Percentile by Number Answered
Your Score History
You have not taken this quiz